000 00780nam a22002054a 4500
005 20250421121101.0
010 _aB-766494-511 BACEN25
020 _a9788121931922
_c550.00
035 _aB-766494-511
037 _bUDH Pub
082 _a650.13
100 _aAlex, K.
_980713
245 _aSoft skills:
_bKnow yourself & know the world/
_cby K. Alex
250 _a3
260 _aNew Delhi
_bS. Chand & Co.
_c2010(repr.), 2024(rep)
270 _a7361, Ram Nagar
_bNew Delhi
_e110055
300 _aviii, 215p. :
_c26 cm(pbk)
_bcol. photos
942 _2ddc
_cEN
_mALE
_h650.13
999 _c209152
_d209152